00585cam a22002051 4500001001300000003000400013005001700017008004100034010001700075025001900092040001800111050001700129100002700146245006000173260005200233300002400285350000800309650004500317999001700362sa 68002106 DLC20260227112440.0710903s1965 ii 000 0 eng  asa 68002106  aPL480:I-E-8947 aDLCcDLCdDLC00aPL4758b.M351 aMeenakshi Sundaram, P.10aHistory of Tamil literature,cby P. Meenakshi Sundaram. aHyderabad-Dn,bMarathi Sahitya Parishadc[1965] a101, 110 p.c22 cm. aRs9 0aTamil literaturexHistory and criticism. c78463d78463